| 000 | 01222pam a2200349 i 4500 | ||
|---|---|---|---|
| 999 |
_c29239 _d29210 |
||
| 001 | 019251563 | ||
| 003 | EG-ScBUE | ||
| 005 | 20210726092759.0 | ||
| 008 | 190129s2019 enk f b 000 0 eng d | ||
| 020 | _a9781108459075 | ||
| 040 |
_aStDuBDS _beng _erda _cStDuBDS _dUk _dEG-ScBUE |
||
| 043 | _aa-vt--- | ||
| 082 | 0 | 4 |
_a320.9597 _bTHA _222 |
| 100 | 0 |
_aThaveeporn Vasavakul, _d1962- _eauthor. |
|
| 245 | 1 | 0 |
_aVietnam : _ba pathway from state socialism / _cThaveeporn Vasavakul, governance support facility initiatives. |
| 264 | 1 |
_aCambridge : _bCambridge University Press, _c2019. |
|
| 300 |
_a77 pages ; _c23 cm. |
||
| 336 |
_atext _2rdacontent _btxt |
||
| 337 |
_aunmediated _2rdamedia _bn |
||
| 338 |
_avolume _2rdacarrier _bnc |
||
| 490 | 0 | _aElements in politics and society in Southeast Asia | |
| 500 |
_aFormerly CIP. _5Uk |
||
| 504 | _aIncludes bibliographical references. | ||
| 651 | 7 |
_aVietnam _xPolitics and government _y1975- _2BUEsh |
|
| 651 | 7 |
_aVietnam _xEconomic conditions _y1975- _2BUEsh |
|
| 653 |
_bBUSBOL _cJuly2021 |
||
| 655 |
_vReading book _934232 |
||
| 776 | 0 | 8 |
_iebook version : _z9781108564717 |
| 942 |
_2ddc _cBB |
||